<?xml version="1.0" encoding="UTF-8"?>
<collection xmlns="http://www.loc.gov/MARC21/slim">
<record>
  <controlfield tag="001">162762</controlfield>
  <controlfield tag="005">20251017144625.0</controlfield>
  <datafield tag="024" ind1="7" ind2=" ">
    <subfield code="2">doi</subfield>
    <subfield code="a">10.63122/rjrap974</subfield>
  </datafield>
  <datafield tag="024" ind1="8" ind2=" ">
    <subfield code="2">sideral</subfield>
    <subfield code="a">145317</subfield>
  </datafield>
  <datafield tag="037" ind1=" " ind2=" ">
    <subfield code="a">ART-2025-145317</subfield>
  </datafield>
  <datafield tag="041" ind1=" " ind2=" ">
    <subfield code="a">spa</subfield>
  </datafield>
  <datafield tag="100" ind1=" " ind2=" ">
    <subfield code="a">Cid Romero, Esperanza</subfield>
    <subfield code="u">Universidad de Zaragoza</subfield>
    <subfield code="0">(orcid)0000-0002-2816-6024</subfield>
  </datafield>
  <datafield tag="245" ind1=" " ind2=" ">
    <subfield code="a">La Orientación Educativa Inclusiva, una meta a alcanzar</subfield>
  </datafield>
  <datafield tag="260" ind1=" " ind2=" ">
    <subfield code="c">2025</subfield>
  </datafield>
  <datafield tag="506" ind1="0" ind2=" ">
    <subfield code="a">Access copy available to the general public</subfield>
    <subfield code="f">Unrestricted</subfield>
  </datafield>
  <datafield tag="520" ind1="3" ind2=" ">
    <subfield code="a">La Orientación Educativa se entiende en esta investigación como un proceso continuo y sistemático, cuya finalidad es conseguir el desarrollo integral y personal de la persona a lo largo y a lo ancho de la vida (Martínez Clares y Martínez Juárez, 2011).  Así, el profesional de la Orientación Educativa debe acompañar y guiar al alumnado en este desarrollo integral, en colaboración con el profesorado. En la Comunidad Autónoma de Aragón, la Orientación Educativa se desarrolla y gestiona en los centros escolares a través de la Red Integrada de la Orientación Educativa (RIOE). En este marco, el trabajo que se presenta tiene como finalidad analizar las funciones y acción orientadora de la RIOE desde la mirada orientadora y docente. El diseño metodológico aplicado es cuantitativo, utilizando como instrumento de recogida de información dos cuestionarios ad hoc. Han participado en el estudio 150 orientadores y orientadoras de la RIOE, y 442 docentes de todas las etapas educativas del Sistema Educativo Aragonés. Los resultados muestran una valoración positiva de las funciones de las y los orientadores escolares, que se relacionan con una perspectiva de derechos, y, por ende, con una educación inclusiva. No obstante, los datos muestran una gran disonancia entre el profesorado y las profesionales de la orientación educativa, con respecto a la función relacionada con la realización de evaluaciones e informes psicopedagógicos. Esta discrepancia entre orientación y profesorado llevan a reflexionar y analizar con mayor profundidad la labor orientadora en los centros educativos, cuestionando si realmente se está trabajando hacia una educación inclusiva.</subfield>
  </datafield>
  <datafield tag="536" ind1=" " ind2=" ">
    <subfield code="9">info:eu-repo/grantAgreement/ES/DGA/S49-23R</subfield>
  </datafield>
  <datafield tag="540" ind1=" " ind2=" ">
    <subfield code="9">info:eu-repo/semantics/openAccess</subfield>
    <subfield code="a">by-nc</subfield>
    <subfield code="u">https://creativecommons.org/licenses/by-nc/4.0/deed.es</subfield>
  </datafield>
  <datafield tag="655" ind1=" " ind2="4">
    <subfield code="a">info:eu-repo/semantics/article</subfield>
    <subfield code="v">info:eu-repo/semantics/publishedVersion</subfield>
  </datafield>
  <datafield tag="700" ind1=" " ind2=" ">
    <subfield code="a">Dieste Gracia, Belén</subfield>
    <subfield code="u">Universidad de Zaragoza</subfield>
    <subfield code="0">(orcid)0000-0002-7262-896X</subfield>
  </datafield>
  <datafield tag="700" ind1=" " ind2=" ">
    <subfield code="a">Blasco-Serrano, Ana Cristina</subfield>
    <subfield code="u">Universidad de Zaragoza</subfield>
    <subfield code="0">(orcid)0000-0002-4294-2982</subfield>
  </datafield>
  <datafield tag="710" ind1="2" ind2=" ">
    <subfield code="1">4001</subfield>
    <subfield code="2">215</subfield>
    <subfield code="a">Universidad de Zaragoza</subfield>
    <subfield code="b">Dpto. Ciencias de la Educación</subfield>
    <subfield code="c">Área Didáctica y Organiz. Esc.</subfield>
  </datafield>
  <datafield tag="710" ind1="2" ind2=" ">
    <subfield code="1">4001</subfield>
    <subfield code="2">625</subfield>
    <subfield code="a">Universidad de Zaragoza</subfield>
    <subfield code="b">Dpto. Ciencias de la Educación</subfield>
    <subfield code="c">Área Métod.Invest.Diag.Educac.</subfield>
  </datafield>
  <datafield tag="773" ind1=" " ind2=" ">
    <subfield code="g">18, 1 (2025), 42-62</subfield>
    <subfield code="p">Rev. educ. incl.</subfield>
    <subfield code="t">Revista de Educación Inclusiva</subfield>
    <subfield code="x">1889-4208</subfield>
  </datafield>
  <datafield tag="856" ind1="4" ind2=" ">
    <subfield code="s">16902177</subfield>
    <subfield code="u">http://zaguan.unizar.es/record/162762/files/texto_completo.pdf</subfield>
    <subfield code="y">Versión publicada</subfield>
  </datafield>
  <datafield tag="856" ind1="4" ind2=" ">
    <subfield code="s">2362403</subfield>
    <subfield code="u">http://zaguan.unizar.es/record/162762/files/texto_completo.jpg?subformat=icon</subfield>
    <subfield code="x">icon</subfield>
    <subfield code="y">Versión publicada</subfield>
  </datafield>
  <datafield tag="909" ind1="C" ind2="O">
    <subfield code="o">oai:zaguan.unizar.es:162762</subfield>
    <subfield code="p">articulos</subfield>
    <subfield code="p">driver</subfield>
  </datafield>
  <datafield tag="951" ind1=" " ind2=" ">
    <subfield code="a">2025-10-17-14:23:50</subfield>
  </datafield>
  <datafield tag="980" ind1=" " ind2=" ">
    <subfield code="a">ARTICLE</subfield>
  </datafield>
</record>
</collection>